000 00637nab a2200181 4500
001 244442
003 OSt
005 20250505130008.0
007 tu
008 200917s2020|||||||
040 _aDE-2950
_cDE-2950
245 0 0 _aGefährlichste Stadt in Brandenburg - stimmt das?
_bPolizei. Laut Kriminalstatistik soll es 2024 im Vergleich nirgendwo mehr Straftaten als in Frankfurt gegeben haben. Wie die Zahlen einzuordnen sind/
_cThomas Gutke
264 _c2024
653 _aFrankfurt (Oder)
653 _aKriminalstatistik
773 0 _g36. Jahrgang (2025) Nr. 98 vom 28.04.2025, S. 13 mit Foto
_tMärkische Oderzeitung
942 _2z
_cA
999 _c373750
_d373750